Отечественные конституции 1918-1978 гг. (Запись № 10898551)

Подробности
000 -МАРКЕР
контрольное поле 02131nam0a2200409 4500
001 - ИДЕНТИФИКАТОР ЗАПИСИ
контрольное поле RU\NLR\BIBL_A\011903971
005 - ИДЕНТИФИКАТОР ВЕРСИИ
контрольное поле 20210806093037.0
010 ## - МЕЖДУНАРОДНЫЙ СТАНДАРТНЫЙ НОМЕР КНИГИ (ISBN)
Номер (ISBN) 978-5-8354-1499-4
Тираж 1000
021 ## - НОМЕР ГОСУДАРСТВЕННОЙ РЕГИСТРАЦИИ
Код страны Российская Федерация
Номер КН-П-18-091908
Номер Листа государственной регистраци КН-П-18-6678
035 ## - ДРУГИЕ СИСТЕМНЫЕ НОМЕРА
Идентификатор записи (NLR Aleph) 011903971
035 ## - ДРУГИЕ СИСТЕМНЫЕ НОМЕРА
Идентификатор записи (RuMoRGB)009825960
100 ## - ДАННЫЕ ОБЩЕЙ ОБРАБОТКИ
Данные общей обработки 20181228d2018 k y0rusy50 ca
101 0# - ЯЗЫК РЕСУРСА
Язык текста, звукозаписи и т.д. русский
102 ## - СТРАНА ПУБЛИКАЦИИ ИЛИ ПРОИЗВОДСТВА
Страна публикации Российская Федерация
105 ## - ПОЛЕ КОДИРОВАННЫХ ДАННЫХ: ТЕКСТОВЫЕ МАТЕРИАЛЫ, МОНОГРАФИЧЕСКИЕ
Кодированные данные о монографическом текстовом документе y|||n|||000zy
200 1# - ЗАГЛАВИЕ И СВЕДЕНИЯ ОБ ОТВЕТСТВЕННОСТИ
Основное заглавие Отечественные конституции 1918-1978 гг.
Первые сведения об ответственности [составители: П. В. Крашенинников, О. А. Рузакова]
Последующие сведения об ответственности ответственный редактор и автор вступительного слова П. В. Крашенинников
210 ## - ПУБЛИКАЦИЯ, РАСПРОСТРАНЕНИЕ И ДР.
Место издания, распространения и т.д. Москва
Имя издателя, распространителя и т. д. Статут
Дата издания, распространения и т.д. 2018
215 ## - ФИЗИЧЕСКАЯ ХАРАКТЕРИСТИКА
Специфическое обозначение материала и объем 717, [1] с.
Размеры 22
300 ## - ОБЩИЕ ПРИМЕЧАНИЯ
Текст примечания Текст Основных законов публ. с выделением всех поправок, внесенных в них за время действия конституций
320 ## - ПРИМЕЧАНИЯ О НАЛИЧИИ В ДОКУМЕНТЕ БИБЛИОГРАФИИ / УКАЗАТЕЛЯ
Текст примечания Библиогр. в тексте
606 1# - НАИМЕНОВАНИЕ ТЕМЫ КАК ПРЕДМЕТ
Наименование темы Конституции
Географический подзаголовок РСФСР
Хронологический подзаголовок 1918 - 1978
Системный номер авторитетной/нормативной записи 2394161
Идентификатор авторитетной/нормативной записи RU\NLR\AUTH\6601647789
686 1# - ИНДЕКСЫ ДРУГИХ КЛАССИФИКАЦИЙ
Индекс Х620.10
702 #1 - ИМЯ ЛИЦА - ВТОРИЧНАЯ ОТВЕТСТВЕННОСТЬ
Код отношения Составитель
Графика поля Кириллица
Материалы, к которым относится поле rus
Начальный элемент ввода Крашенинников
Часть имени, кроме начального элемента ввода П. В.
Даты 1964-
Расширение инициалов личного имени Павел Владимирович
Системный номер авторитетной/нормативной записи 110701
Идентификатор авторитетной/нормативной записи RU\NLR\AUTH\77659
742 #1 - УСЛОВНОЕ НАИМЕНОВАНИЕ / ЗАГЛАВИЕ ДЛЯ ЗАКОНОДАТЕЛЬНЫХ И РЕЛИГИОЗНЫХ ТЕКСТОВ - ВТОРИЧНАЯ ОТВЕТСТВЕННОСТЬ
Начальный элемент ввода РСФСР
Дополнение к наименованию или другое уточнение 1917-1922
Дата официального издания, или дата версии, или дата подписания 1918
Обозначение вида документа Конституция
-- 586484
Идентификатор авторитетной/нормативной записи RU\NLR\AUTH\8810043485
742 #1 - УСЛОВНОЕ НАИМЕНОВАНИЕ / ЗАГЛАВИЕ ДЛЯ ЗАКОНОДАТЕЛЬНЫХ И РЕЛИГИОЗНЫХ ТЕКСТОВ - ВТОРИЧНАЯ ОТВЕТСТВЕННОСТЬ
Начальный элемент ввода СССР
Дата официального издания, или дата версии, или дата подписания 1924
Обозначение вида документа Конституция
-- 610903
Идентификатор авторитетной/нормативной записи RU\NLR\AUTH\8810055174
742 #1 - УСЛОВНОЕ НАИМЕНОВАНИЕ / ЗАГЛАВИЕ ДЛЯ ЗАКОНОДАТЕЛЬНЫХ И РЕЛИГИОЗНЫХ ТЕКСТОВ - ВТОРИЧНАЯ ОТВЕТСТВЕННОСТЬ
Начальный элемент ввода РСФСР
Дата официального издания, или дата версии, или дата подписания 1925
Обозначение вида документа Конституция
-- 603827
Идентификатор авторитетной/нормативной записи RU\NLR\AUTH\8810051750
742 #1 - УСЛОВНОЕ НАИМЕНОВАНИЕ / ЗАГЛАВИЕ ДЛЯ ЗАКОНОДАТЕЛЬНЫХ И РЕЛИГИОЗНЫХ ТЕКСТОВ - ВТОРИЧНАЯ ОТВЕТСТВЕННОСТЬ
Начальный элемент ввода СССР
Дата официального издания, или дата версии, или дата подписания 1936
Обозначение вида документа Конституция
-- 829265
Идентификатор авторитетной/нормативной записи RU\NLR\AUTH\8810166668
742 #1 - УСЛОВНОЕ НАИМЕНОВАНИЕ / ЗАГЛАВИЕ ДЛЯ ЗАКОНОДАТЕЛЬНЫХ И РЕЛИГИОЗНЫХ ТЕКСТОВ - ВТОРИЧНАЯ ОТВЕТСТВЕННОСТЬ
Начальный элемент ввода РСФСР
Дата официального издания, или дата версии, или дата подписания 1937
Обозначение вида документа Конституция
-- 644907
Идентификатор авторитетной/нормативной записи RU\NLR\AUTH\880492430
742 #1 - УСЛОВНОЕ НАИМЕНОВАНИЕ / ЗАГЛАВИЕ ДЛЯ ЗАКОНОДАТЕЛЬНЫХ И РЕЛИГИОЗНЫХ ТЕКСТОВ - ВТОРИЧНАЯ ОТВЕТСТВЕННОСТЬ
Начальный элемент ввода СССР
Дата официального издания, или дата версии, или дата подписания 1977
Обозначение вида документа Конституция
-- 662108
Идентификатор авторитетной/нормативной записи RU\NLR\AUTH\8810079986
742 #1 - УСЛОВНОЕ НАИМЕНОВАНИЕ / ЗАГЛАВИЕ ДЛЯ ЗАКОНОДАТЕЛЬНЫХ И РЕЛИГИОЗНЫХ ТЕКСТОВ - ВТОРИЧНАЯ ОТВЕТСТВЕННОСТЬ
Начальный элемент ввода РСФСР
Дата официального издания, или дата версии, или дата подписания 1978
Обозначение вида документа Конституция
-- 706202
Идентификатор авторитетной/нормативной записи RU\NLR\AUTH\8810102787
942 ## - ДОПОЛНИТЕЛЬНЫЕ ЭЛЕМЕНТЫ ЗАПИСИ (АБИС)
Тип экземпляра АБИС Книга
980 ## - КОЛЛЕКЦИЯ
Название коллекции НБР
980 ## - КОЛЛЕКЦИЯ
Название коллекции Национальная библиография

Нет доступных экземпляров.